<?xml version="1.0" encoding="UTF-8"?>
<collection xmlns:xsi="http://www.w3.org/2001/XMLSchema-instance" xsi:schemaLocation="http://www.loc.gov/MARC21/slim http://www.loc.gov/standards/marcxml/schema/MARC21slim.xsd" xmlns="http://www.loc.gov/MARC21/slim">
 <record>
  <leader>00000cam a22000003i 4500</leader>
  <controlfield tag="001">UP-1685594773861970098</controlfield>
  <controlfield tag="003">Buklod</controlfield>
  <controlfield tag="005">20230907082729.0</controlfield>
  <controlfield tag="006">g||| |     ||   ||</controlfield>
  <controlfield tag="007">ta</controlfield>
  <controlfield tag="008">191028s2013    xx a    r    |000 s|fil d</controlfield>
  <datafield tag="020" ind1=" " ind2=" ">
   <subfield code="a">9789712728488</subfield>
  </datafield>
  <datafield tag="035" ind1=" " ind2=" ">
   <subfield code="a">(iLib)UPBAG-00014648044</subfield>
  </datafield>
  <datafield tag="037" ind1=" " ind2=" ">
   <subfield code="a">BC-64611</subfield>
   <subfield code="c">Php175.00</subfield>
  </datafield>
  <datafield tag="040" ind1=" " ind2=" ">
   <subfield code="a">BAG</subfield>
   <subfield code="e">rda</subfield>
  </datafield>
  <datafield tag="041" ind1="0" ind2=" ">
   <subfield code="a">eng</subfield>
  </datafield>
  <datafield tag="090" ind1=" " ind2="0">
   <subfield code="a">PN 6222 P6</subfield>
   <subfield code="b">N67 2013</subfield>
  </datafield>
  <datafield tag="100" ind1="1" ind2=" ">
   <subfield code="a">Noringai</subfield>
   <subfield code="q">(Noreen Capili)</subfield>
   <subfield code="e">author.</subfield>
  </datafield>
  <datafield tag="245" ind1="1" ind2="0">
   <subfield code="a">Parang kayo pero hindi</subfield>
   <subfield code="c">ni Noringai.</subfield>
  </datafield>
  <datafield tag="264" ind1=" " ind2="1">
   <subfield code="a">Mandaluyong City</subfield>
   <subfield code="b">Anvil Publishing, Inc.</subfield>
   <subfield code="c">2013.</subfield>
  </datafield>
  <datafield tag="300" ind1=" " ind2=" ">
   <subfield code="a">x, 99 pages</subfield>
   <subfield code="b">illustrations</subfield>
   <subfield code="c">21 cm</subfield>
  </datafield>
  <datafield tag="336" ind1=" " ind2=" ">
   <subfield code="a">text</subfield>
   <subfield code="2">rdacontent</subfield>
  </datafield>
  <datafield tag="337" ind1=" " ind2=" ">
   <subfield code="a">unmediated</subfield>
   <subfield code="2">rdamedia</subfield>
  </datafield>
  <datafield tag="338" ind1=" " ind2=" ">
   <subfield code="a">volume</subfield>
   <subfield code="2">rdacarrier</subfield>
  </datafield>
  <datafield tag="505" ind1="0" ind2=" ">
   <subfield code="a">Parang kayo, pero hindi -- Third wheel -- Mall of asia -- Hindi ako sanay -- Kape, yosi, sisig at ikaw -- The one that got away -- Kunwari lang : isang hindi totoong love story -- Kuwentong jelly beans -- Paano ka kumain ng manok? -- Seven lessons I learned from playing candy crush -- Wisdom from pichi-pichi -- Kung bakit ako naiyak sa bagong commercial ng McDo -- The day after valentine's -- Ambisyosa -- It feels so good, i wanna do it again -- First time -- The air in my lungs -- There's a Bona in all of us -- If I were 21, I'd believe this ... -- Trial and error -- Thoughts while waiting at the doctor's -- Kuwentong elevator -- Ctrl + Z -- Habang sumasama, lalong sumasarap -- Not meant to be -- Pleasure versus happiness -- Que sera sera -- Kung siya si Ninoy, ako ang kanyang Kris -- 11.1.11 -- Pamatay na hirit -- Ano'ng meron ang taong happy -- May pera sa heartache -- Nakakalokang hirit mula sa isang young actor -- Hindi importante kung sino ang nauna -- Love and ice tea -- The quezo de bola story -- Ampalaya trilogy -- Dahil masama akong tao -- Chos! -- Almost : an afterword.</subfield>
  </datafield>
  <datafield tag="650" ind1=" " ind2="0">
   <subfield code="a">Philippine wit and humor.</subfield>
  </datafield>
  <datafield tag="650" ind1=" " ind2="0">
   <subfield code="a">Humorous stories, Filipino.</subfield>
  </datafield>
  <datafield tag="905" ind1=" " ind2=" ">
   <subfield code="a">FI</subfield>
  </datafield>
  <datafield tag="852" ind1="0" ind2=" ">
   <subfield code="a">UPBAG</subfield>
   <subfield code="b">UPBAG-MAIN</subfield>
   <subfield code="h">PN 6222 P6 N67 2013</subfield>
  </datafield>
  <datafield tag="942" ind1=" " ind2=" ">
   <subfield code="a">Book</subfield>
  </datafield>
 </record>
</collection>
